000 00780nam a2200169 a 4500
001 000041195
005 20201002034710.0
008 130925s1990 sp ac 000 0 spa d
020 _a8400070909
040 _aDO-SdBNP
_bspa
_cBNPHU
100 1 _aCalvo i Calvo, Lluís, (1957-)
_967767
245 1 0 _aCatáleg de materials etnográfics de L' Arxiu d' Etnografia i Folklore de Catalunya /
_cLluís Calvo i Calvo.
260 _aBarcelona :
_bConsell Superior d'Investigacions Científiques,
_c1990.
300 _a262 p., [28] p. de làm. ; :
_bil., retrs. ;
_c27 cm.
500 _aEls materials inclosos al catàleg formen part actualment del fons documental de la Institució Milà i Fontanals del CSIC de Barcelona
710 2 _aConsell Superior d'Investigacions Científiques,
_967768
999 _c40685
_d40685